00423nam a2200157Ia 4500008004100000020001500041041001200056082001600068100001600084245007400100250000800174260004800182300000800230650001400238700001300252221030s9999 xx 000 0 und d a8122419569 aEnglish a105.23bSin aB. P. Singh 0aAdvanced Microprocessors & Microcontrollerscby B. P. Singh, R. Singh a2nd bNew Age International PubaNew Delhic2006 a522 aComputers aR. Singh